Syntetická dvousložková epoxidová nátěrová hmota Epoxyban.

Uložené v:
Podrobná bibliografia
Médium: Kniha
Jazyk:Slovak
Czech
Vydané: [2013].
Vydanie:1. vyd.
Témy:
On-line prístup:http://www.detecha.cz
Fyzický popis: 1 l.
Tagy: Pridať tag
Žiadne tagy, Buďte prvý kto otaguje tento záznam!

MARC

LEADER 00000nam#a22000003a#4500
001 000440708
003 SVKKK
005 20131021135027.0
008 130916s2013 xo |||| 0 slo#d
040 |a SVKKK  |b slo  |c SVKKK  |e AACR2 
041 0 # |a cze 
044 |a xr  |c CZ 
080 |a 667.637.22  |2 2001 
110 2 |a DETECHA, CH. V. D.  |c Husovo nám. 1208, 549 01 Nové Město nad Metují, ČR  |4 mfr 
245 1 0 |a Syntetická dvousložková epoxidová nátěrová hmota Epoxyban. 
250 |a 1. vyd. 
260 # |c [2013]. 
300 |a 1 l. 
655 7 |a firemné prospekty  |2 SNKPH 
856 4 1 |u http://www.detecha.cz 
910 |a svkkk 
998 |a FL 
090 |g SCKHL  |k SK42  |a 667.637.22  |j 227326  |i 440708-10  |4 zastaraná  |s Vyradená